Sports Quiz

Random Sports or Numbers Quiz

2006 World Cup/US National Soccer Team Quiz Stats

Quiz not verified by Sporcle

Challenge
Share
Tweet
Embed
Score 0/23 Timer 09:00
0 Plays Today
Jersey Number Player % Correct
21Landon Donovan
100%
1Tim Howard
97%
8Clint Dempsey
88.8%
18Kasey Keller
79.9%
17Damarcus Beasley
78.4%
3Carlos Bocanegra
77.6%
22Oguchi Onyewu
75.4%
20Brian McBride
73.9%
10Claudio Reyna
69.4%
9Eddie Johnson
60.4%
6Steve Cherundolo
59%
11Brian Ching
47.8%
Jersey Number Player % Correct
23Eddie Pope
47%
7Eddie Lewis
44%
19Marcus Hahnemann
41.8%
4Pablo Mastroeni
41%
15Bobby Convey
32.8%
5John O'Brien
28.4%
13Jimmy Conrad
23.9%
14Ben Olsen
23.9%
16Josh Wolff
23.9%
12Gregg Berhalter
19.4%
2Chris Albright
16.4%

You're not logged in!

Compare scores with friends on all Sporcle quizzes.
Join for Free
OR
Log In

You Might Also Like...

Show Comments

Extras

Top Quizzes Today


Score Distribution

Your Account Isn't Verified!

In order to create a playlist on Sporcle, you need to verify the email address you used during registration. Go to your Sporcle Settings to finish the process.

Report this User

Report this user for behavior that violates our Community Guidelines.

Details: